| 000 | 00442nam a22001217a 4500 | ||
|---|---|---|---|
| 999 |
_c6733 _d6733 |
||
| 008 | 200324b ||||| |||| 00| 0 eng d | ||
| 100 | _aThe United Republic of Tanzania | ||
| 245 |
_aThe economic survey 2006 _cThe united republic of Tanzania _hEnglish |
||
| 260 |
_aDar Es Salaam-Tanzania _bThe Ministry of Planning Economy and empowerment _c2007 |
||
| 300 |
_axvii,222p. _bIllustration _c22cm |
||
| 650 | _2The economic survey | ||
| 942 |
_2ddc _cBOOKS |
||